<?xml version="1.0" encoding="UTF-8"?>
<record
    xmlns:xsi="http://www.w3.org/2001/XMLSchema-instance"
    xsi:schemaLocation="http://www.loc.gov/MARC21/slim http://www.loc.gov/standards/marcxml/schema/MARC21slim.xsd"
    xmlns="http://www.loc.gov/MARC21/slim">

  <leader>02213nam a22001457a 4500</leader>
  <datafield tag="999" ind1=" " ind2=" ">
    <subfield code="c">533003</subfield>
    <subfield code="d">533003</subfield>
  </datafield>
  <controlfield tag="008">260410b           ||||| |||| 00| 0 eng d</controlfield>
  <datafield tag="100" ind1=" " ind2=" ">
    <subfield code="a">Neetha, N. and  Thresia, C. U. </subfield>
    <subfield code="9">60047</subfield>
  </datafield>
  <datafield tag="245" ind1=" " ind2=" ">
    <subfield code="a">Community nurses in palliative care in Kerala: Underpaid, overworked and vulnerable care workers</subfield>
  </datafield>
  <datafield tag="260" ind1=" " ind2=" ">
    <subfield code="a">The Indian Journal of Labour Economics</subfield>
  </datafield>
  <datafield tag="300" ind1=" " ind2=" ">
    <subfield code="a"> 68(4), Oct-Dec, 2025: p.1399-1416</subfield>
  </datafield>
  <datafield tag="520" ind1=" " ind2=" ">
    <subfield code="a">Women as care workers/community workers in state-run-schemes are noted across India and in many developing countries. The state does not qualify them as workers, given the nature of work and the short-spell engagement. The labour intensive work that these workers undertake are often trivialised as &#x2018;soft&#x2019; and &#x2018;unskilled&#x2019; work. The poor payment and working conditions of these workers are justified based on these assumptions. The gendered normative notion that the women have inherent capabilities of &#x2018;caring&#x2019; without much technical skill often legitimise such exploitation, invisibility and undervaluation. Kerala&#x2019;s palliative care initiative operated as a state-run-scheme has gained global attention as it offers possibilities for extending care to the entire population. Community nurses are the most important cadre in Kerala&#x2019;s palliative care programme. The paper explores the contributions of community nurses and their gendered working conditions and work relations in the programme. The data were collected as part of a larger study of women health workers in the palliative care initiative in four different public sector institutions in the primary care arena covering urban, rural and coastal areas in the capital city of Kerala, Thiruvananthapuram. The multiple methods employed to collect data include key informant and in-depth interviews, and a few case studies, apart from observation and informal discussions to explore the different dimensions of women&#x2019;s palliative care work and the gender inequalities surrounding their work and life.-Reproduced 

https://link.springer.com/article/10.1007/s41027-025-00587-9
</subfield>
  </datafield>
  <datafield tag="650" ind1=" " ind2=" ">
    <subfield code="a">Palliative care, Care work, Health policy, Gender and care work</subfield>
    <subfield code="9">60048</subfield>
  </datafield>
  <datafield tag="773" ind1=" " ind2=" ">
    <subfield code="a">The Indian Journal of Labour Economic</subfield>
  </datafield>
  <datafield tag="942" ind1=" " ind2=" ">
    <subfield code="c">AR</subfield>
  </datafield>
  <datafield tag="952" ind1=" " ind2=" ">
    <subfield code="0">0</subfield>
    <subfield code="1">0</subfield>
    <subfield code="2">ddc</subfield>
    <subfield code="4">0</subfield>
    <subfield code="7">0</subfield>
    <subfield code="9">408174</subfield>
    <subfield code="a">IIPA</subfield>
    <subfield code="b">IIPA</subfield>
    <subfield code="d">2026-04-10</subfield>
    <subfield code="h"> 68(4), Oct-Dec, 2025: p.1399-1416</subfield>
    <subfield code="p">AR138515</subfield>
    <subfield code="r">2026-04-10</subfield>
    <subfield code="y">AR</subfield>
  </datafield>
</record>
